Trans Asian movements and cooperation in transportation: an initiative to integrate the Asian continent (Record no. 49415)

000 -LEADER
fixed length control field 00436pab a2200157 454500
008 - FIXED-LENGTH DATA ELEMENTS--GENERAL INFORMATION
fixed length control field 180718b2001 xxu||||| |||| 00| 0 eng d
100 ## - MAIN ENTRY--PERSONAL NAME
Personal name Chanda, Saswati
245 ## - TITLE STATEMENT
Title Trans Asian movements and cooperation in transportation: an initiative to integrate the Asian continent
260 ## - PUBLICATION, DISTRIBUTION, ETC.
Date of publication, distribution, etc. 2001
300 ## - PHYSICAL DESCRIPTION
Extent p.15-21
362 ## - DATES OF PUBLICATION AND/OR SEQUENTIAL DESIGNATION
Dates of publication and/or sequential designation Aug
650 ## - SUBJECT ADDED ENTRY--TOPICAL TERM
Topical term or geographic name entry element Transport
700 ## - ADDED ENTRY--PERSONAL NAME
Personal name Gupta, Alok Kumar
773 ## - HOST ITEM ENTRY
Main entry heading Third Concept
909 ## -
-- 49415
Holdings
Withdrawn status Lost status Damaged status Not for loan Permanent Location Current Location Date acquired Serial Enumeration / chronology Barcode Date last seen Price effective from Koha item type
        Indian Institute of Public Administration Indian Institute of Public Administration 2018-07-19 Volume no: 15, Issue no: 74 AR49843 2018-07-19 2018-07-19 Articles

Powered by Koha